000 00582nam a2200217Ia 4500
008 101110s9999 xx 000 0 und d
041 _aENGLISH
082 _bJR6167
100 _aKadam S.V.& Nair S.S.
245 _aSystematic Mathematics Paper-I XI Science
260 _c2007
_bUttam prakashan,Mumbai
300 _a325
365 _b60
520 _amathematics
546 _aENGLISH
630 _aSystematic Mathematics Paper-I XI Science
650 _amathematics
655 _amathematics
730 _aSystematic Mathematics Paper-I XI Science
942 _cBOOK
999 _c796960
_d796957